Państwa, w których żyją Macedończycy - Statystyki

Ogólne statystyki
  • Ten quiz został rozwiązany 10 razy
  • Średni wynik to 7 z 11
Statystyki odpowiedzi
Liczba Państwo % Poprawnych
10 000 – 30 000 Grecja
100%
25 847 Serbia
100%
51 891 – 200 000 Stany Zjednoczone
100%
1 297 981 Macedonia Północna
83%
62 295 – 85 000 Niemcy
83%
78 090 Włochy
67%
31 518 Turcja
50%
83 978 – 200 000 Australia
33%
37 055 – 150 000 Kanada
33%
30 000 Argentyna
17%
45 000 Brazylia
17%
Nie znaleziono quizów pasujących do podanych kryteriów
Rozkład punktacji
Procent ludzi z każdym wynikiem
Percentyl według liczby udzielonych odpowiedzi
Twoja historia wyników
Nie rozwiązałeś tego quizu